Schweizer Städte nach Bild - Statistiken

Allgemein
  • Dieses Quiz wurde 223 mal gespielt
  • Das Durchschnittsergebnis liegt bei 8 aus 16
Antwortstatistiken
Bildquiz Antwort % Korrekt
Luzern
90%
Zürich
87%
Basel
85%
Genf
80%
Bern
56%
Lugano
56%
St. Gallen
55%
Lausanne
42%
Chur
38%
Schaffhausen
35%
Thun
35%
Sitten
31%
Zug
31%
Neuenburg
28%
Solothurn
22%
Winterthur
18%
Keine übereinstimmenden Quizze gefunden
Verteilung der Resultate
Anzahl Personen mit jedem Resultat
Perzentil nach korrekt beantworteten Fragen
Ihre Resultats-Entwicklung
Sie haben dieses Quiz noch nicht gespielt